Vibrations and Waves in Physics (Record no. 3603)

MARC details
000 -LEADER
fixed length control field 01188pam a2200325 a 4500
001 - CONTROL NUMBER
control field 4396869
003 - CONTROL NUMBER IDENTIFIER
control field OSt
005 - DATE AND TIME OF LATEST TRANSACTION
control field 20210331164323.0
008 - FIXED-LENGTH DATA ELEMENTS--GENERAL INFORMATION
fixed length control field 920921s1993 enka 001 0 eng
010 ## - LIBRARY OF CONGRESS CONTROL NUMBER
LC control number 92033323
020 ## - INTERNATIONAL STANDARD BOOK NUMBER
International Standard Book Number 0521498481
040 ## - CATALOGING SOURCE
Original cataloging agency DLC
Transcribing agency DLC
Modifying agency DLC
050 00 - LIBRARY OF CONGRESS CALL NUMBER
Classification number QC136
Item number .M34 1993
082 00 - DEWEY DECIMAL CLASSIFICATION NUMBER
Classification number 534 MAI 1993
Edition number 20
100 1# - MAIN ENTRY--PERSONAL NAME
Personal name Main, Iain G.,
Dates associated with a name 1932-
9 (RLIN) 8044
245 10 - TITLE STATEMENT
Title Vibrations and Waves in Physics
250 ## - EDITION STATEMENT
Edition statement 3rd ed.
260 ## - PUBLICATION, DISTRIBUTION, ETC. (IMPRINT)
Place of publication, distribution, etc. Cambridge [England] ;
-- New York, NY, USA :
Name of publisher, distributor, etc. Cambridge University Press,
Date of publication, distribution, etc. 1993.
300 ## - PHYSICAL DESCRIPTION
Extent xviii, 359 p. :
Other physical details ill. ;
Dimensions 24 cm.
500 ## - GENERAL NOTE
General note Includes index.
650 #0 - SUBJECT ADDED ENTRY--TOPICAL TERM
Topical term or geographic name as entry element Physics
9 (RLIN) 8045
650 #0 - SUBJECT ADDED ENTRY--TOPICAL TERM
Topical term or geographic name as entry element Waves.
9 (RLIN) 8027
650 #0 - SUBJECT ADDED ENTRY--TOPICAL TERM
Topical term or geographic name as entry element Vibration.
9 (RLIN) 8045
856 41 - ELECTRONIC LOCATION AND ACCESS
Materials specified Sample text
Uniform Resource Identifier http://www.loc.gov/catdir/samples/cam031/92033323.html
856 42 - ELECTRONIC LOCATION AND ACCESS
Materials specified Publisher description
Uniform Resource Identifier http://www.loc.gov/catdir/description/cam025/92033323.html
856 41 - ELECTRONIC LOCATION AND ACCESS
Materials specified Table of contents
Uniform Resource Identifier http://www.loc.gov/catdir/toc/cam028/92033323.html
906 ## - LOCAL DATA ELEMENT F, LDF (RLIN)
a 7
b cbc
c orignew
d 1
e ocip
f 19
g y-gencatlg
942 ## - ADDED ENTRY ELEMENTS (KOHA)
Source of classification or shelving scheme Dewey Decimal Classification
Koha item type Short Loan
Holdings
Withdrawn status Lost status Source of classification or shelving scheme Damaged status Not for loan Home library Current library Date acquired Source of acquisition Inventory number Total Checkouts Full call number Barcode Date last seen Koha item type
    Dewey Decimal Classification     MUST Main Library MUST Main Library 18/04/2016 Purchase 99/13185   534 MAI 1993 2016-0975 18/04/2016 Short Loan
    Dewey Decimal Classification     MUST Main Library MUST Main Library 18/04/2016 Purchase 02/16949   534 MAI 1993 2016-0984 18/04/2016 Short Loan
    Dewey Decimal Classification     MUST Main Library MUST Main Library 18/04/2016 Purchase 03/18343   534 MAI 1993 2016-0985 18/04/2016 Short Loan
    Dewey Decimal Classification     MUST Main Library MUST Main Library   Purchase 04/22785   534 MAI 1993 2024-20956 20/06/2024 Open Shelf